[Event "21st Varna it"]
[Site "Golden Sands BUL"]
[Date "1982.05.15"]
[Round "1"]
[White "Georgiev, Kiril"]
[Black "Peev, Peicho"]
[Result "0-1"]
[WhiteElo "2380"]
[BlackElo "2370"]
[EventDate "1982.05.15"]
[PlyCount "86"]

1.c4 e5 2.Nc3 d6 3.Nf3 f5 4.d4 e4 5.Ng5 Be7 6.h4 Nf6 7.Nd5 h6 8.Nh3 c6 9.
Nxe7 Qxe7 10.Nf4 Qf7 11.d5 O-O 12.b3 c5 13.h5 Re8 14.e3 Nbd7 15.Bb2 Ne5 
16.Be2 Bd7 17.Qc2 a6 18.Rh3 b5 19.f3 Rab8 20.Bc3 Qe7 21.Rg3 Rf8 22.Kf2 
exf3 23.Bxf3 Neg4+ 24.Bxg4 Ne4+ 25.Qxe4 Qxe4 26.Be2 Rf7 27.Bd3 Qe7 28.Re1 
Re8 29.Rg6 b4 30.Bb2 Qh4+ 31.g3 Qh2+ 32.Ng2 Re4 33.Re2 Rg4 34.Ke1 Qxg3+ 
35.Kd2 Rxg6 36.hxg6 Qxg6 37.Nf4 Qh7 38.Ne6 Qg6 39.Nf4 Qg3 40.Rg2 Qh4 41.
Rg6 Qf2+ 42.Be2 Re7 43.Ne6 Bxe6 0-1

[Event "21st Varna it"]
[Site "Golden Sands BUL"]
[Date "1982.05.15"]
[Round "1"]
[White "Grigorov, Yordan"]
[Black "Grunberg, Hans-Ulrich"]
[Result "1-0"]
[WhiteElo "2360"]
[BlackElo "2450"]
[EventDate "1982.05.15"]
[PlyCount "76"]

1.e4 c6 2.d4 d5 3.exd5 cxd5 4.Bd3 g6 5.c3 Nc6 6.Bf4 Nf6 7.Nf3 Bf5 8.Bxf5 
gxf5 9.Qb3 Qd7 10.Ne5 Nxe5 11.Bxe5 Bg7 12.Nd2 O-O 13.O-O Rac8 14.a4 Rc6 
15.Nf3 Rfc8 16.Rfe1 Ra6 17.Ra3 Rc4 18.Rea1 Rb6 19.Qc2 Rc8 20.h3 Ra6 21.Qd3
Rb6 22.Qe2 Rbc6 23.a5 a6 24.Qd1 Kh8 25.Ra4 Rg8 26.Rb4 Rc4 27.Raa4 Rxb4 28.
Rxb4 Ne4 29.Qb3 Bxe5 30.Nxe5 Qe6 31.Rxb7 f6 32.Nf3 Ng5 33.Nxg5 Qe1+ 34.Kh2
Qxf2 35.Nf7+ Kg7 36.Qxd5 Qf4+ 37.g3 Qe3 38.Nd6 Kh8 1-0

[Event "21st Varna it"]
[Site "Golden Sands BUL"]
[Date "1982.05.15"]
[Round "1"]
[White "Nogueiras Santiago, Jesus"]
[Black "Prandstetter, Eduard"]
[Result "1/2-1/2"]
[WhiteElo "2495"]
[BlackElo "2410"]
[EventDate "1982.05.15"]
[PlyCount "27"]

1.d4 e6 2.c4 Nf6 3.Nc3 Bb4 4.e3 O-O 5.Bd3 d5 6.cxd5 exd5 7.Ne2 c6 8.O-O 
Bd6 9.f3 c5 10.g4 Nc6 11.Rf2 Be6 12.a3 a6 13.h3 h5 14.Rg2 1/2-1/2

[Event "21st Varna it"]
[Site "Golden Sands BUL"]
[Date "1982.05.15"]
[Round "1"]
[White "Savon, Vladimir"]
[Black "Pokojowczyk, Jerzy"]
[Result "1-0"]
[WhiteElo "2485"]
[BlackElo "2450"]
[EventDate "1982.05.15"]
[PlyCount "72"]

1.d4 Nf6 2.c4 c5 3.d5 e6 4.Nc3 exd5 5.cxd5 d6 6.e4 g6 7.Nf3 Bg7 8.Be2 O-O 
9.O-O Re8 10.Nd2 Nbd7 11.a4 Ne5 12.Ra3 g5 13.Re1 Ng6 14.Bb5 Rf8 15.Nf1 Ng4
16.Be2 N4e5 17.Ng3 Nf4 18.Nf5 Qf6 19.Nxg7 Kxg7 20.Be3 Kh8 21.Nb1 Rg8 22.
Nd2 g4 23.Kh1 Bd7 24.Bf1 Rae8 25.Qb3 Bc8 26.Qc3 Nh5 27.g3 Nf3 28.Nxf3 Qxc3
29.Rxc3 gxf3 30.Bd2 f5 31.Rxf3 Rgf8 32.Bb5 Rd8 33.Bh6 Ng7 34.e5 dxe5 35.
Rxe5 Rd6 36.Bg5 Re8 1-0

[Event "21st Varna it"]
[Site "Golden Sands BUL"]
[Date "1982.05.15"]
[Round "1"]
[White "Semkov, Semko"]
[Black "Stefanov, Parik"]
[Result "1-0"]
[WhiteElo "2395"]
[BlackElo "2350"]
[EventDate "1982.05.15"]
[PlyCount "109"]

1.d4 Nf6 2.c4 e6 3.Nc3 Bb4 4.e3 c5 5.Ne2 d5 6.a3 Bxc3+ 7.Nxc3 cxd4 8.exd4 
dxc4 9.Bxc4 Nc6 10.Be3 O-O 11.O-O a6 12.Ba2 b5 13.d5 Nxd5 14.Nxd5 exd5 15.
Bxd5 Qf6 16.Qf3 Qxf3 17.Bxf3 Bb7 18.b4 Nd8 19.Bc5 Re8 20.Rfe1 Re6 21.Bg4 
Rxe1+ 22.Rxe1 Bc6 23.Bf3 Rc8 24.Re7 h6 25.Bg4 Ra8 26.Kf1 Nb7 27.Rc7 Bd5 
28.Be7 Nd8 29.Bxd8 Rxd8 30.Rc8 Rf8 31.f3 Bb7 32.Rc7 Rb8 33.Ke2 g6 34.Bd7 
Kg7 35.Ke3 Bd5 36.Kd4 Bc4 37.Kc5 Bf1 38.g3 Be2 39.Be6 Kf6 40.Bd5 Rf8 41.
Rc6+ Ke5 42.Rxa6 h5 43.Ra8 Rxa8 44.Bxa8 g5 45.Bc6 f5 46.Bxb5 Bxf3 47.Ba6 
f4 48.gxf4+ gxf4 49.a4 Bg2 50.a5 h4 51.b5 f3 52.b6 f2 53.Bc4 h3 54.a6 Bd5 
55.Bb5 1-0

[Event "21st Varna it"]
[Site "Golden Sands BUL"]
[Date "1982.05.16"]
[Round "2"]
[White "Donchev, Dimitar"]
[Black "Savon, Vladimir"]
[Result "1-0"]
[WhiteElo "2430"]
[BlackElo "2485"]
[EventDate "1982.05.15"]
[PlyCount "81"]

1.e4 c5 2.Nf3 d6 3.d4 cxd4 4.Nxd4 Nf6 5.Nc3 a6 6.Bc4 e6 7.Bb3 b5 8.Qe2 Be7
9.Bg5 b4 10.Na4 Bd7 11.f4 Qa5 12.e5 dxe5 13.Qxe5 Qxe5+ 14.fxe5 Ng4 15.Bxe7
Kxe7 16.Nb6 Ra7 17.Nc4 Nc6 18.Nf3 Rb8 19.h3 Nh6 20.g4 a5 21.a4 f6 22.exf6+
gxf6 23.O-O-O Nf7 24.Rhe1 Bc8 25.Rd5 h6 26.Rc5 Bd7 27.Rd1 Be8 28.Nd4 Nfd8 
29.Nxc6+ Nxc6 30.Nd6 Bd7 31.Ne4 Rf8 32.Rh5 Rh8 33.Rb5 Rc7 34.Nc5 Bc8 35.
Rb6 Rd8 36.Re1 Nd4 37.Bxe6 Bxe6 38.Rexe6+ Nxe6 39.Nxe6 Rc4 40.Nxd8 Kxd8 
41.Rb5 1-0

[Event "21st Varna it"]
[Site "Golden Sands BUL"]
[Date "1982.05.16"]
[Round "2"]
[White "Grunberg, Hans-Ulrich"]
[Black "Georgiev, Kiril"]
[Result "1-0"]
[WhiteElo "2450"]
[BlackElo "2380"]
[EventDate "1982.05.15"]
[PlyCount "96"]

1.d4 Nf6 2.c4 c5 3.d5 d6 4.Nc3 g6 5.e4 Bg7 6.f3 O-O 7.Bg5 Na6 8.Bd3 Nc7 9.
Nge2 e6 10.O-O exd5 11.cxd5 a6 12.a4 Rb8 13.Qd2 b5 14.axb5 axb5 15.b4 Na6 
16.Na2 Re8 17.Rab1 Bd7 18.Kh1 Qe7 19.bxc5 Nxc5 20.Nb4 h6 21.Be3 Ncxe4 22.
fxe4 Nxe4 23.Bxe4 Qxe4 24.Rb3 Qc4 25.Rd3 Re4 26.Nc6 Rbe8 27.Ng3 Rh4 28.Bf4
b4 29.Nxb4 Bb5 30.Rdf3 Bc3 31.Rxc3 Qxb4 32.Re3 Qxd2 33.Rxe8+ Bxe8 34.Bxd2 
f5 35.Rf4 Rxf4 36.Bxf4 Bf7 37.Bxh6 Bxd5 38.Bf4 Kf7 39.Bxd6 Kf6 40.h4 g5 
41.hxg5+ Kxg5 42.Ne2 Kg4 43.Kg1 Ba8 44.Kf2 Bb7 45.g3 Bc6 46.Nf4 Bd5 47.Ng2
Kg5 48.Be5 Kg4 1-0

[Event "21st Varna it"]
[Site "Golden Sands BUL"]
[Date "1982.05.16"]
[Round "2"]
[White "Knezevic, Milorad"]
[Black "Semkov, Semko"]
[Result "1/2-1/2"]
[WhiteElo "2465"]
[BlackElo "2395"]
[EventDate "1982.05.15"]
[PlyCount "35"]

1.d4 Nf6 2.Nf3 e6 3.Bf4 c5 4.e3 cxd4 5.exd4 b6 6.c3 Be7 7.h3 O-O 8.Nbd2 d6
9.Bd3 Ba6 10.Bxa6 Nxa6 11.O-O Nc7 12.a4 Ncd5 13.Bh2 Nd7 14.Qe2 N5f6 15.a5 
Qc7 16.axb6 axb6 17.Qb5 Rfc8 18.Rfe1 1/2-1/2

[Event "21st Varna it"]
[Site "Golden Sands BUL"]
[Date "1982.05.16"]
[Round "2"]
[White "Peev, Peicho"]
[Black "Nogueiras Santiago, Jesus"]
[Result "1-0"]
[WhiteElo "2370"]
[BlackElo "2495"]
[EventDate "1982.05.15"]
[PlyCount "85"]

1.d4 d5 2.c4 c6 3.cxd5 cxd5 4.Nc3 Nc6 5.Nf3 Nf6 6.Bf4 e6 7.e3 Nh5 8.Bg5 
Qb6 9.Qd2 h6 10.Bh4 g5 11.Bg3 Nxg3 12.hxg3 Bg7 13.g4 Kf8 14.Rd1 a6 15.Bd3 
Qd8 16.Bb1 h5 17.gxh5 g4 18.Ng1 Qg5 19.f4 gxf3 20.Nxf3 Qg3+ 21.Qf2 Qxf2+ 
22.Kxf2 Bh6 23.g4 Rg8 24.Rdg1 f6 25.e4 dxe4 26.Nxe4 Ke7 27.Nh4 Nxd4 28.
Ng6+ Kf7 29.g5 fxg5 30.Nxg5+ Ke8 31.Ne4 Rg7 32.Nf6+ Kd8 33.Ne5 Nc6 34.Neg4
Rf7 35.Ke1 Bg7 36.h6 Bh8 37.h7 Bd7 38.Nh6 Rf8 39.Rg8 Ke7 40.Rf1 Ne5 41.
Nxd7 Nxd7 42.Rf7+ Rxf7 43.Nxf7 1-0

[Event "21st Varna it"]
[Site "Golden Sands BUL"]
[Date "1982.05.16"]
[Round "2"]
[White "Pokojowczyk, Jerzy"]
[Black "Grigorov, Yordan"]
[Result "1-0"]
[WhiteElo "2450"]
[BlackElo "2360"]
[EventDate "1982.05.15"]
[PlyCount "59"]

1.e4 c5 2.Nf3 Nc6 3.d4 cxd4 4.Nxd4 Nf6 5.Nc3 d6 6.Bg5 e6 7.Qd2 a6 8.O-O-O 
h6 9.Bf4 Bd7 10.Nxc6 Bxc6 11.Qe1 Qa5 12.f3 Rd8 13.Kb1 Be7 14.g4 b5 15.h4 
Qb6 16.Bd3 b4 17.g5 d5 18.Nxd5 Nxd5 19.exd5 Bxd5 20.Qg3 Bd6 21.gxh6 gxh6 
22.Qg7 Bxf4 23.Qxh8+ Ke7 24.Qg7 Qa5 25.b3 Bxf3 26.Bg6 Rf8 27.Bxf7 Rxf7 28.
Rd7+ Kxd7 29.Qxf7+ Kd8 30.Rg1 1-0

[Event "21st Varna it"]
[Site "Golden Sands BUL"]
[Date "1982.05.16"]
[Round "2"]
[White "Stefanov, Parik"]
[Black "Garkov, Mitko"]
[Result "1-0"]
[WhiteElo "2350"]
[BlackElo "2375"]
[EventDate "1982.05.15"]
[PlyCount "82"]

1.Nf3 Nf6 2.g3 g6 3.Bg2 Bg7 4.O-O O-O 5.c4 d5 6.cxd5 Nxd5 7.d4 Nb6 8.Nc3 
Nc6 9.e3 e5 10.d5 Ne7 11.e4 Nc4 12.Qb3 Nd6 13.Re1 c5 14.Qa3 Qc7 15.b4 c4 
16.Be3 b6 17.Nd2 f5 18.f3 f4 19.Bf2 h5 20.b5 Bh6 21.Qb2 g5 22.gxf4 gxf4 
23.a4 Bd7 24.Kh1 Nb7 25.Rg1 Kh7 26.Bf1 Na5 27.Qb4 Nc8 28.Bxc4 Nd6 29.Bf1 
Rfc8 30.Rc1 Bf8 31.Qb2 Nf7 32.Bd3 Qd6 33.Ne2 Qf6 34.Rxc8 Rxc8 35.Rc1 Bh3 
36.Ng1 Bd7 37.Rxc8 Bxc8 38.Qc2 Nd6 39.Bd4 Qe7 40.Bc3 Nab7 41.Bb4 Qg7 1-0

[Event "21st Varna it"]
[Site "Golden Sands BUL"]
[Date "1982.05.17"]
[Round "3"]
[White "Garkov, Mitko"]
[Black "Knezevic, Milorad"]
[Result "1/2-1/2"]
[WhiteElo "2375"]
[BlackElo "2465"]
[EventDate "1982.05.15"]
[PlyCount "32"]

1.e4 e5 2.Nf3 Nf6 3.Nxe5 d6 4.Nf3 Nxe4 5.d4 d5 6.Bd3 Be7 7.c4 c6 8.cxd5 
cxd5 9.Nc3 Nxc3 10.bxc3 O-O 11.h3 Nc6 12.O-O Re8 13.Bf4 Be6 14.Bb5 Bd6 15.
Bxc6 bxc6 16.Bxd6 Qxd6 1/2-1/2

[Event "21st Varna it"]
[Site "Golden Sands BUL"]
[Date "1982.05.17"]
[Round "3"]
[White "Georgiev, Kiril"]
[Black "Pokojowczyk, Jerzy"]
[Result "1-0"]
[WhiteElo "2380"]
[BlackElo "2450"]
[EventDate "1982.05.15"]
[PlyCount "68"]

1.d4 Nf6 2.c4 e6 3.Nf3 b6 4.g3 Bb4+ 5.Bd2 Bxd2+ 6.Qxd2 Ba6 7.b3 c5 8.Bg2 
Nc6 9.Nc3 d5 10.cxd5 exd5 11.Ne5 Nxd4 12.e3 Ne6 13.Nxd5 Nxd5 14.Bxd5 Rc8 
15.f4 Qe7 16.Bc6+ Rxc6 17.Nxc6 Qb7 18.Qd6 Bb5 19.Qb8+ Qxb8 20.Nxb8 O-O 21.
a4 Bd3 22.O-O-O Be4 23.Nd7 Rc8 24.Rhf1 c4 25.bxc4 Rxc4+ 26.Kb2 Rc2+ 27.Ka3
f6 28.Rc1 Rxh2 29.f5 Ng5 30.Rc7 Re2 31.Rxa7 Rxe3+ 32.Kb4 Bd3 33.Rf4 Rxg3 
34.Rd4 Nf7 1-0

[Event "21st Varna it"]
[Site "Golden Sands BUL"]
[Date "1982.05.17"]
[Round "3"]
[White "Grigorov, Yordan"]
[Black "Donchev, Dimitar"]
[Result "1/2-1/2"]
[WhiteElo "2360"]
[BlackElo "2430"]
[EventDate "1982.05.15"]
[PlyCount "29"]

1.d4 Nf6 2.c4 e6 3.Nf3 b6 4.Nc3 Bb7 5.e3 Be7 6.Bd3 c5 7.O-O cxd4 8.exd4 d5
9.Bg5 O-O 10.Qe2 Nc6 11.Bxf6 Bxf6 12.cxd5 exd5 13.Rad1 Re8 14.Qd2 Qd6 15.
Bb5 1/2-1/2

[Event "21st Varna it"]
[Site "Golden Sands BUL"]
[Date "1982.05.17"]
[Round "3"]
[White "Nogueiras Santiago, Jesus"]
[Black "Grunberg, Hans-Ulrich"]
[Result "1/2-1/2"]
[WhiteElo "2495"]
[BlackElo "2450"]
[EventDate "1982.05.15"]
[PlyCount "112"]

1.d4 Nf6 2.c4 g6 3.Nc3 Bg7 4.e4 d6 5.f4 O-O 6.Nf3 c5 7.d5 e6 8.Be2 exd5 9.
cxd5 Re8 10.e5 dxe5 11.fxe5 Ng4 12.Bg5 Qb6 13.O-O Nxe5 14.Nxe5 Bxe5 15.Bc4
Qb4 16.Qb3 Bf5 17.d6 Qxb3 18.axb3 Bxd6 19.Nd5 Nc6 20.Nf6+ Kg7 21.Nxe8+ 
Rxe8 22.Bd2 Be5 23.Bc3 Bxc3 24.bxc3 Re3 25.Rf3 Re7 26.Bd5 Ne5 27.Re3 b6 
28.b4 cxb4 29.cxb4 a5 30.bxa5 bxa5 31.Rxa5 Nc6 32.Rxe7 Nxe7 33.Ba2 Nc6 34.
Rc5 Nd4 35.Kf2 Be6 36.Bxe6 Nxe6 37.Ra5 h5 38.Ke3 Kf6 39.Ke4 Ng5+ 40.Kd5 
Nh7 41.Ra6+ Kg7 42.Ke5 Kf8 43.Ra2 Kg7 44.Rf2 Ng5 45.Rf1 Ne6 46.Kd6 Nd4 47.
Ke5 Nf5 48.Rf2 Nh6 49.h3 Ng8 50.Rf3 Nh6 51.Rf1 Ng8 52.g4 hxg4 53.hxg4 Kh6 
54.Kf4 Kg7 55.Ra1 Nf6 56.Ra8 Nd5+ 1/2-1/2

[Event "21st Varna it"]
[Site "Golden Sands BUL"]
[Date "1982.05.18"]
[Round "4"]
[White "Grunberg, Hans-Ulrich"]
[Black "Prandstetter, Eduard"]
[Result "1-0"]
[WhiteElo "2450"]
[BlackElo "2410"]
[EventDate "1982.05.15"]
[PlyCount "79"]

1.d4 Nf6 2.c4 e6 3.Nf3 b6 4.g3 Bb7 5.Bg2 Be7 6.O-O O-O 7.Nc3 Ne4 8.Bd2 Bf6
9.Rc1 d6 10.Ne1 Nxc3 11.Bxc3 Bxg2 12.Nxg2 Nd7 13.e4 c5 14.d5 Bxc3 15.Rxc3 
Nf6 16.dxe6 fxe6 17.Rd3 Qe7 18.Rxd6 Nxe4 19.Rd7 Qf6 20.Nf4 Rf7 21.Rxf7 
Qxf7 22.Qf3 Qb7 23.Re1 Nd6 24.Qxb7 Nxb7 25.Rxe6 Na5 26.b3 Rd8 27.Re7 Nc6 
28.Rc7 Rd6 29.Nd5 Kf8 30.Kg2 h6 31.h4 Re6 32.h5 g5 33.hxg6 Rxg6 34.Kh3 Rd6
35.Kh4 Ke8 36.Rh7 Kf8 37.f4 a6 38.Kh5 Nb4 39.Nxb4 cxb4 40.Rxh6 1-0

[Event "21st Varna it"]
[Site "Golden Sands BUL"]
[Date "1982.05.18"]
[Round "4"]
[White "Stefanov, Parik"]
[Black "Grigorov, Yordan"]
[Result "1/2-1/2"]
[WhiteElo "2350"]
[BlackElo "2360"]
[EventDate "1982.05.15"]
[PlyCount "95"]

1.Nf3 g6 2.e4 Bg7 3.d4 c6 4.Nc3 d5 5.h3 Nh6 6.Bf4 dxe4 7.Nxe4 Nf5 8.c3 O-O
9.Bd3 Nd7 10.O-O Nb6 11.Re1 Nd6 12.Qe2 Nxe4 13.Bxe4 Be6 14.Ne5 a5 15.Nd3 
Qc8 16.Nc5 Bc4 17.Qe3 Re8 18.b3 Bd5 19.Bc2 f6 20.Bh6 Bh8 21.Qg3 f5 22.Bg5 
Bf7 23.Bxe7 Nd5 24.Bd6 b6 25.Na4 b5 26.Nc5 b4 27.c4 Nc3 28.Be5 Qd8 29.Bxf5
Bxe5 30.dxe5 Qd4 31.e6 Qxc5 32.exf7+ Kxf7 33.Bg4 Kg8 34.a4 Qd4 35.Bf3 Rac8
36.Kh2 c5 37.Rac1 Rcd8 38.Bc6 Rf8 39.Re3 Qf4 40.Rc2 Qxg3+ 41.Kxg3 Rd1 42.
Re5 Rc8 43.Bf3 Rb1 44.Re7 Rd8 45.Kf4 h6 46.Ra7 Rd4+ 47.Kg3 Rxb3 48.Rxa5 
1/2-1/2

[Event "21st Varna it"]
[Site "Golden Sands BUL"]
[Date "1982.05.19"]
[Round "5"]
[White "Georgiev, Kiril"]
[Black "Stefanov, Parik"]
[Result "1-0"]
[WhiteElo "2380"]
[BlackElo "2350"]
[EventDate "1982.05.15"]
[PlyCount "63"]

1.d4 Nf6 2.c4 e6 3.Nf3 c5 4.Nc3 cxd4 5.Nxd4 a6 6.g3 Qc7 7.Bg2 Nc6 8.O-O 
Be7 9.b3 O-O 10.Bb2 d6 11.Rc1 Ne5 12.Qd2 Re8 13.Rfd1 Bd7 14.h3 Rad8 15.Rc2
Qb8 16.Qe3 Rc8 17.a4 Bd8 18.Ba3 Bb6 19.Ne4 Nxe4 20.Qxe4 d5 21.cxd5 Rxc2 
22.Qxc2 exd5 23.e3 Rc8 24.Qb1 g6 25.Kh2 Bc6 26.Bb2 Re8 27.Ba1 Bd8 28.Ne2 
h5 29.Bxd5 h4 30.Bxe5 Qxe5 31.Qxg6+ Kh8 32.Bxf7 1-0

[Event "21st Varna it"]
[Site "Golden Sands BUL"]
[Date "1982.05.19"]
[Round "5"]
[White "Grigorov, Yordan"]
[Black "Knezevic, Milorad"]
[Result "1/2-1/2"]
[WhiteElo "2360"]
[BlackElo "2465"]
[EventDate "1982.05.15"]
[PlyCount "27"]

1.e4 e5 2.Nf3 Nc6 3.Bb5 a6 4.Bxc6 dxc6 5.d4 exd4 6.Qxd4 Qxd4 7.Nxd4 Bd7 8.
Be3 O-O-O 9.Nd2 g6 10.O-O-O Bg7 11.c3 Ne7 12.f3 h5 13.Rhe1 Rhe8 14.N2b3 
1/2-1/2

[Event "21st Varna it"]
[Site "Golden Sands BUL"]
[Date "1982.05.19"]
[Round "5"]
[White "Peev, Peicho"]
[Black "Grunberg, Hans-Ulrich"]
[Result "1/2-1/2"]
[WhiteElo "2370"]
[BlackElo "2450"]
[EventDate "1982.05.15"]
[PlyCount "98"]

1.d4 Nf6 2.c4 e6 3.Nf3 b6 4.g3 Ba6 5.Nbd2 Bb7 6.Bg2 c5 7.e4 cxd4 8.e5 Ng4 
9.O-O Qc7 10.Re1 h5 11.h3 Nh6 12.Nxd4 Bxg2 13.Kxg2 Nc6 14.Qf3 Rb8 15.Nb5 
Qb7 16.Ne4 Nf5 17.Qxf5 exf5 18.Ned6+ Bxd6 19.Nxd6+ Kd8 20.Nxb7+ Rxb7 21.b3
Re8 22.Bb2 Kc8 23.g4 hxg4 24.hxg4 fxg4 25.Kg3 Nb4 26.Red1 Rc7 27.Kxg4 Rc6 
28.Bc3 Rg6+ 29.Kf5 Nc6 30.Rg1 Rh8 31.Rxg6 Ne7+ 32.Ke4 Nxg6 33.f4 Rh4 34.
Bd2 Ne7 35.a4 g6 36.a5 Kb7 37.axb6 axb6 38.b4 Rh2 39.Rd1 Nf5 40.b5 Rh3 41.
Bc1 Kc7 42.Rd3 Rh2 43.Bd2 Rf2 44.c5 bxc5 45.Ba5+ Kc8 46.Rc3 d6 47.exd6 
Nxd6+ 48.Ke3 Rb2 49.Rxc5+ Kb7 1/2-1/2

[Event "21st Varna it"]
[Site "Golden Sands BUL"]
[Date "1982.05.19"]
[Round "5"]
[White "Prandstetter, Eduard"]
[Black "Pokojowczyk, Jerzy"]
[Result "1-0"]
[WhiteElo "2410"]
[BlackElo "2450"]
[EventDate "1982.05.15"]
[PlyCount "41"]

1.e4 e5 2.Nf3 Nc6 3.d4 exd4 4.Nxd4 Bc5 5.Nb3 Bb6 6.a4 a6 7.Nc3 Nge7 8.Nd5 
Nxd5 9.exd5 Qf6 10.Qe2+ Ne7 11.a5 Ba7 12.h4 c6 13.Bg5 Qd6 14.O-O-O f6 15.
dxc6 Qxc6 16.Re1 Qe6 17.Qd2 Qf7 18.Bf4 Kd8 19.Rh3 b5 20.Rc3 Nd5 21.Qxd5 
1-0

[Event "21st Varna it"]
[Site "Golden Sands BUL"]
[Date "1982.05.19"]
[Round "5"]
[White "Savon, Vladimir"]
[Black "Semkov, Semko"]
[Result "1-0"]
[WhiteElo "2485"]
[BlackElo "2395"]
[EventDate "1982.05.15"]
[PlyCount "111"]

1.Nf3 d5 2.d4 Nf6 3.c4 e6 4.Nc3 c5 5.e3 Nc6 6.a3 cxd4 7.exd4 Be7 8.c5 Ne4 
9.Qc2 e5 10.Nxe5 Nxe5 11.dxe5 Nxc5 12.Be3 Ne6 13.Rd1 d4 14.Bxd4 Nxd4 15.
Qa4+ Qd7 16.Qxd7+ Bxd7 17.Rxd4 f6 18.Nd5 fxe5 19.Nc7+ Kd8 20.Ne6+ Kc8 21.
Rc4+ Bc6 22.Nxg7 Kd7 23.Nf5 Rhg8 24.Nxe7 Kxe7 25.Rg1 Rac8 26.f3 Rcf8 27.
Be2 Bxf3 28.Bxf3 Rxf3 29.Rc7+ Kd6 30.Rxb7 Rf4 31.g3 Rc4 32.Rg2 Rc1+ 33.Kd2
Rgc8 34.Kd3 R8c7 35.Rxc7 Rxc7 36.Rf2 Ke6 37.Rf8 Rd7+ 38.Ke3 Rb7 39.Rf2 
Rb3+ 40.Ke4 a6 41.g4 Rh3 42.Rf5 Rxh2 43.Rxe5+ Kd6 44.Rh5 Rxb2 45.Rxh7 Re2+
46.Kf4 Kd5 47.Rh5+ Kc6 48.Re5 Rf2+ 49.Kg3 Rb2 50.g5 Rb3+ 51.Kf4 Rxa3 52.g6
Rd3 53.g7 Rd8 54.Kf5 Kb6 55.Kg6 a5 56.Kh7 1-0

[Event "21st Varna it"]
[Site "Golden Sands BUL"]
[Date "1982.05.20"]
[Round "6"]
[White "Donchev, Dimitar"]
[Black "Prandstetter, Eduard"]
[Result "1/2-1/2"]
[WhiteElo "2430"]
[BlackElo "2410"]
[EventDate "1982.05.15"]
[PlyCount "90"]

1.e4 e6 2.d4 d5 3.Nd2 Nf6 4.e5 Nfd7 5.c3 c5 6.f4 Nc6 7.Ndf3 Be7 8.Bd3 f5 
9.Ne2 Nb6 10.h3 Bd7 11.O-O O-O 12.Kh2 cxd4 13.Nexd4 Nxd4 14.Nxd4 Qe8 15.
Rf2 Na4 16.g4 Nc5 17.gxf5 exf5 18.Rg2 Rc8 19.Be3 Ne4 20.Bxe4 dxe4 21.Qb3+ 
Kh8 22.Rag1 g6 23.Qxb7 Bc5 24.Qd5 Bxd4 25.Bxd4 Be6 26.Qa5 Rf7 27.Rd2 Rd7 
28.Rgd1 g5 29.Be3 Rxd2+ 30.Rxd2 g4 31.h4 g3+ 32.Kg1 Qe7 33.Qa6 g2 34.Rxg2 
Qxh4 35.Bf2 Qh5 36.Qd6 h6 37.Bxa7 Rg8 38.Rxg8+ Bxg8 39.e6 Qg6+ 40.Kf2 Bxe6
41.Bd4+ Kh7 42.a4 Qg8 43.a5 Kg6 44.Be5 Kh5 45.a6 Qg4 1/2-1/2

[Event "21st Varna it"]
[Site "Golden Sands BUL"]
[Date "1982.05.20"]
[Round "6"]
[White "Garkov, Mitko"]
[Black "Savon, Vladimir"]
[Result "1/2-1/2"]
[WhiteElo "2375"]
[BlackElo "2485"]
[EventDate "1982.05.15"]
[PlyCount "22"]

1.d4 Nf6 2.c4 e6 3.Nc3 Bb4 4.e3 c5 5.Bd3 Nc6 6.Ne2 cxd4 7.exd4 d5 8.O-O 
Be7 9.Be3 O-O 10.cxd5 Nxd5 11.Nxd5 exd5 1/2-1/2

[Event "21st Varna it"]
[Site "Golden Sands BUL"]
[Date "1982.05.20"]
[Round "6"]
[White "Knezevic, Milorad"]
[Black "Georgiev, Kiril"]
[Result "1/2-1/2"]
[WhiteElo "2465"]
[BlackElo "2380"]
[EventDate "1982.05.15"]
[PlyCount "27"]

1.d4 Nf6 2.c4 g6 3.Nc3 d5 4.e3 Bg7 5.Qb3 e6 6.Qa3 b6 7.Nf3 Bb7 8.cxd5 exd5
9.Ne5 Nfd7 10.Nxd7 Nxd7 11.Ba6 Bxa6 12.Qxa6 c6 13.Qd3 O-O 14.O-O 1/2-1/2

[Event "21st Varna it"]
[Site "Golden Sands BUL"]
[Date "1982.05.20"]
[Round "6"]
[White "Pokojowczyk, Jerzy"]
[Black "Peev, Peicho"]
[Result "1-0"]
[WhiteElo "2450"]
[BlackElo "2370"]
[EventDate "1982.05.15"]
[PlyCount "41"]

1.e4 c5 2.Nf3 e6 3.d4 cxd4 4.Nxd4 a6 5.Bd3 Ne7 6.O-O Nec6 7.Be3 Be7 8.c4 
d6 9.Nb3 Nd7 10.Nc3 O-O 11.f4 b6 12.Qf3 Bb7 13.Qh3 e5 14.Nd5 exf4 15.e5 g6
16.e6 fxe3 17.exf7+ Kg7 18.Nf4 Nce5 19.Ne6+ Kh8 20.Nxd8 Bxd8 21.Bxg6 1-0

[Event "21st Varna it"]
[Site "Golden Sands BUL"]
[Date "1982.05.22"]
[Round "7"]
[White "Grigorov, Yordan"]
[Black "Garkov, Mitko"]
[Result "1/2-1/2"]
[WhiteElo "2360"]
[BlackElo "2375"]
[EventDate "1982.05.15"]
[PlyCount "114"]

1.e4 e5 2.Nf3 Nc6 3.Bc4 Nf6 4.d3 Bc5 5.O-O d6 6.c3 O-O 7.a4 a5 8.h3 h6 9.
Nbd2 d5 10.exd5 Nxd5 11.Re1 Nf4 12.Ne4 Bd6 13.Bxf4 exf4 14.Nxd6 Qxd6 15.d4
Bf5 16.Qb3 b6 17.Qb5 g6 18.Qd5 Qf6 19.Bb5 Na7 20.Ba6 c6 21.Qe5 Qxe5 22.
Nxe5 Rad8 23.Be2 Be6 24.Bg4 Bxg4 25.Nxg4 h5 26.Ne5 Rfe8 27.f3 Kg7 28.Kf1 
g5 29.Nc4 Nc8 30.Ra3 Rxe1+ 31.Kxe1 Re8+ 32.Kd2 Re7 33.Ra1 f6 34.Rb1 Ra7 
35.Kd3 Kg6 36.Re1 Kf7 37.b3 Rd7 38.h4 gxh4 39.Rh1 Kg6 40.Rxh4 Kg5 41.Rh1 
Re7 42.Kd2 Ra7 43.Ra1 Kh4 44.Ke2 Kg3 45.Kf1 Ne7 46.Nd6 Kh2 47.Re1 Nd5 48.
Nf5 Nxc3 49.Rc1 Nd5 50.Rxc6 Rd7 51.Rc8 Ne3+ 52.Nxe3 fxe3 53.Rh8 Rd5 54.Ke2
Rxd4 55.Rxh5+ Kxg2 56.Kxe3 Rb4 57.Rb5 Kg3 1/2-1/2

[Event "21st Varna it"]
[Site "Golden Sands BUL"]
[Date "1982.05.22"]
[Round "7"]
[White "Grunberg, Hans-Ulrich"]
[Black "Pokojowczyk, Jerzy"]
[Result "1-0"]
[WhiteElo "2450"]
[BlackElo "2450"]
[EventDate "1982.05.15"]
[PlyCount "149"]

1.Nf3 Nf6 2.c4 e6 3.Nc3 Bb4 4.Qc2 c5 5.a3 Bxc3 6.Qxc3 b6 7.b3 Bb7 8.Bb2 d6
9.e3 e5 10.Be2 O-O 11.d3 Nc6 12.O-O Re8 13.Rab1 Qe7 14.Rfe1 d5 15.cxd5 
Nxd5 16.Qc2 Rad8 17.Bf1 Kh8 18.Rbc1 f6 19.Nd2 Qf7 20.Qb1 Qg6 21.Nf3 Nde7 
22.Ba1 Rd7 23.b4 Nd8 24.e4 Ne6 25.Bxe5 Red8 26.Bg3 Nc6 27.bxc5 Nxc5 28.d4 
Nxd4 29.Nxd4 Rxd4 30.Rxc5 Bxe4 31.Rxe4 Qxe4 32.Qxe4 Rxe4 33.Rc1 h5 34.f3 
Ra4 35.Ra1 h4 36.Be1 Rad4 37.Be2 Rc8 38.Ra2 Rc1 39.Kf2 g5 40.Bd2 Rc7 41.
Be3 Rd5 42.f4 Kg7 43.h3 gxf4 44.Bxf4 Rc3 45.Bd2 Rf5+ 46.Bf3 Rc4 47.Rb2 
Rfc5 48.Rb3 Rd4 49.Ke3 Rd8 50.Bc3 Rc4 51.Be1 Rd7 52.Rb2 Rc1 53.Bd2 Rc4 54.
Be2 Re7+ 55.Kf2 Rd4 56.Rc2 Red7 57.Be3 R4d5 58.Rc4 Rf5+ 59.Bf3 Ra5 60.a4 
f5 61.Rxh4 Rc7 62.Rb4 Kg6 63.Kg3 Rc3 64.Kf4 Rc2 65.g4 Rh2 66.Kg3 Ra2 67.
Bc6 fxg4 68.hxg4 Re5 69.Kf4 Re7 70.Be4+ Kf6 71.g5+ Ke6 72.Bf5+ Kd6 73.Rd4+
Kc6 74.Be4+ Kc7 75.Kg4 1-0

[Event "21st Varna it"]
[Site "Golden Sands BUL"]
[Date "1982.05.22"]
[Round "7"]
[White "Peev, Peicho"]
[Black "Donchev, Dimitar"]
[Result "1/2-1/2"]
[WhiteElo "2370"]
[BlackElo "2430"]
[EventDate "1982.05.15"]
[PlyCount "26"]

1.c4 c5 2.Nf3 Nf6 3.Nc3 Nc6 4.g3 g6 5.Bg2 Bg7 6.O-O O-O 7.d3 d6 8.a3 a6 9.
Rb1 Rb8 10.Bd2 Bd7 11.b4 cxb4 12.axb4 b5 13.cxb5 axb5 1/2-1/2

[Event "21st Varna it"]
[Site "Golden Sands BUL"]
[Date "1982.05.23"]
[Round "8"]
[White "Donchev, Dimitar"]
[Black "Grunberg, Hans-Ulrich"]
[Result "1/2-1/2"]
[WhiteElo "2430"]
[BlackElo "2450"]
[EventDate "1982.05.15"]
[PlyCount "67"]

1.e4 c5 2.Nf3 d6 3.d4 cxd4 4.Nxd4 Nf6 5.Nc3 e6 6.Bg5 a6 7.Qf3 Bd7 8.Bd3 
Nc6 9.Nxc6 Bxc6 10.O-O Be7 11.Rae1 O-O 12.Qh3 Nd7 13.Bxe7 Qxe7 14.f4 Nc5 
15.f5 exf5 16.Qxf5 Nxd3 17.cxd3 Rae8 18.d4 Qd8 19.Nd5 Re6 20.Re3 Bxd5 21.
Qxd5 Qe7 22.a4 Rd8 23.Ref3 f6 24.Rb3 Rd7 25.Rc1 g6 26.Rc8+ Kg7 27.Rb8 b5 
28.axb5 axb5 29.Qxb5 Rxe4 30.Qxd7 Qxd7 31.R8b7 Qxb7 32.Rxb7+ Kh6 33.b4 
Rxd4 34.b5 1/2-1/2

[Event "21st Varna it"]
[Site "Golden Sands BUL"]
[Date "1982.05.23"]
[Round "8"]
[White "Knezevic, Milorad"]
[Black "Prandstetter, Eduard"]
[Result "1/2-1/2"]
[WhiteElo "2465"]
[BlackElo "2410"]
[EventDate "1982.05.15"]
[PlyCount "29"]

1.d4 Nf6 2.c4 e6 3.Nc3 Bb4 4.Qc2 c5 5.dxc5 O-O 6.Nf3 Na6 7.e3 Nxc5 8.Bd2 
b6 9.Be2 Bb7 10.O-O d6 11.a3 Bxc3 12.Bxc3 Nce4 13.Bxf6 Nxf6 14.Rfd1 Qe7 
15.Rac1 1/2-1/2